| 000 | 00770nam a2200229Ia 4500 | ||
|---|---|---|---|
| 003 | IN-BaIIA | ||
| 008 | 211028s9999 xx 000 0 eng d | ||
| 020 | _a0-8243-0927-8 | ||
| 040 | _cIIA Library | ||
| 080 |
_a(05)52 _bANN-27 |
||
| 245 | 0 |
_aAnnual review of astronomy and astrophysics _bvol. 27 _cedited by Burbidge, G Layzer, D and Phillips, J. G |
|
| 260 |
_aPalo Alto _bAnnual Reviews _c1989 |
||
| 300 | _aviii, 773p. | ||
| 650 |
_aAstronomy _980 |
||
| 650 | _aAstronomy and Astrophysics Thesaurus | ||
| 650 |
_aAstrophysics _9794 |
||
| 650 |
_aTheoretical astrophysics _915234 |
||
| 700 |
_aBurbidge, G., ed. _914854 |
||
| 700 |
_aLayzer, D., ed. _94748 |
||
| 700 |
_aPhillips, J. G., ed. _913002 |
||
| 942 | _cBK | ||
| 999 |
_c9638 _d9638 |
||